000 00424nam a2200205Ia 4500
001 14417
003 GE_BSU
008 181216s||||||||xx |||||||||||||| ||und||
020 _a0755321049
040 _cGE_BSU
080 _a821.111-3
100 _aJardine,Quintin
245 _aAlarm Call.
260 _aLondon
260 _bHeadline
260 _c2004
300 _a371p.18cm.
653 _aAlarm Call.
942 _cBK
999 _c47553
_d47553